<?xml version="1.0" encoding="UTF-8"?>
<record
    xmlns:xsi="http://www.w3.org/2001/XMLSchema-instance"
    xsi:schemaLocation="http://www.loc.gov/MARC21/slim http://www.loc.gov/standards/marcxml/schema/MARC21slim.xsd"
    xmlns="http://www.loc.gov/MARC21/slim">

  <leader>01831nam a22002297a 4500</leader>
  <datafield tag="999" ind1=" " ind2=" ">
    <subfield code="c">765</subfield>
    <subfield code="d">765</subfield>
  </datafield>
  <controlfield tag="003">AR-CdUCM</controlfield>
  <controlfield tag="008">190225b           ||||| |||| 00| 0 spa d</controlfield>
  <datafield tag="040" ind1=" " ind2=" ">
    <subfield code="a">MUNICIPALIDAD PROVINCIAL DEL CUSCO</subfield>
    <subfield code="c">BIBLIOTECA MUNICIPAL DEL CUSCO</subfield>
  </datafield>
  <datafield tag="082" ind1=" " ind2=" ">
    <subfield code="a">086.802 /</subfield>
    <subfield code="b">L91</subfield>
  </datafield>
  <datafield tag="245" ind1=" " ind2=" ">
    <subfield code="a">Teatro /</subfield>
  </datafield>
  <datafield tag="260" ind1=" " ind2=" ">
    <subfield code="a">Buenos Aires :</subfield>
    <subfield code="b">Losada,</subfield>
    <subfield code="c">1959.</subfield>
  </datafield>
  <datafield tag="300" ind1=" " ind2=" ">
    <subfield code="a">tomos ;</subfield>
    <subfield code="c">25cm.</subfield>
  </datafield>
  <datafield tag="505" ind1=" " ind2=" ">
    <subfield code="a">Contenido: t.1.- Piezas negras -- El armi&#xF1;o -- La salvaje -- El viajero sin equipaje -- Eur&#xED;dice (Jean Anouilh) -- t.2.- Los novios del Havre -- El soldado y la hechicera -- Las noches de la c&#xF3;lera (Armand Salacrou) - t.3.- La parodia -- La Invasi&#xF3;n -- La grande y la peque&#xF1;a maniobra -- El profesor Taranne -- Todos contra todos (Arthur Adamov) -- t.4.- Gas -- Un d&#xED;a de octubre -- De la ma&#xF1;ana a la medianoche (Georg Kaiser) -- t.5.- Roma ya no est&#xE1; en Roma -- Un hombre de Dios -- El emisario (Gabriel Marcel) -- t.6.- En la ardiente oscuridad -- Madrugada -- Hoy es fiesta -- Las cartas boca abajo (Antonio Buero Vallejo) -- t.7.- Los padres terribles -- Los monstruos sagrados -- La m&#xE1;quina de escribir (Jean Cocteau) -- t.8.- Baco -- Los Novios de la Torre Eiffel -- Los Caballeros de la Mesa Redonda (Jean Cocteau) -- t.9.- Juventud de dos guerras -- La enfermedad de la juventud -- Los criminales -- Las razas (Ferdinand Bruckner) -- t.10.- El extra&#xF1;o jinete -- La balada del gran macabro -- tres actores, un drama.. -- Cristobal Colon -- Las mujeres ante el sepulcro -- La farsa de los tenebrosos (Michel de Ghelderode) -- t.11.-  Los Secuestrados de Altona (Jean-Paul Sartre)</subfield>
  </datafield>
  <datafield tag="650" ind1=" " ind2=" ">
    <subfield code="a">Teatro</subfield>
    <subfield code="9">44060</subfield>
  </datafield>
  <datafield tag="650" ind1=" " ind2=" ">
    <subfield code="a">Literatura</subfield>
    <subfield code="9">83</subfield>
  </datafield>
  <datafield tag="650" ind1=" " ind2=" ">
    <subfield code="a">Siglo XX</subfield>
    <subfield code="9">8</subfield>
  </datafield>
  <datafield tag="700" ind1=" " ind2=" ">
    <subfield code="a">Lehmann, Jorge C</subfield>
    <subfield code="9">2934</subfield>
  </datafield>
  <datafield tag="700" ind1=" " ind2=" ">
    <subfield code="a">Coco Ferraris, Jos&#xE9; Mari&#xE1;</subfield>
    <subfield code="9">2935</subfield>
  </datafield>
  <datafield tag="942" ind1=" " ind2=" ">
    <subfield code="2">ddc</subfield>
    <subfield code="c">LIBROS</subfield>
  </datafield>
  <datafield tag="945" ind1=" " ind2=" ">
    <subfield code="a">pjha</subfield>
    <subfield code="d">2019-02-25</subfield>
  </datafield>
  <datafield tag="952" ind1=" " ind2=" ">
    <subfield code="0">0</subfield>
    <subfield code="2">ddc</subfield>
    <subfield code="4">0</subfield>
    <subfield code="7">0</subfield>
    <subfield code="a">SH</subfield>
    <subfield code="b">SH</subfield>
    <subfield code="c">CART</subfield>
    <subfield code="d">2019-10-24</subfield>
    <subfield code="o">086.802 / L91 / t.1</subfield>
    <subfield code="p">SH0000000840</subfield>
    <subfield code="r">2019-10-24</subfield>
    <subfield code="y">LIBROS</subfield>
  </datafield>
  <datafield tag="952" ind1=" " ind2=" ">
    <subfield code="0">0</subfield>
    <subfield code="2">ddc</subfield>
    <subfield code="4">0</subfield>
    <subfield code="7">0</subfield>
    <subfield code="a">SH</subfield>
    <subfield code="b">SH</subfield>
    <subfield code="c">CART</subfield>
    <subfield code="d">2019-10-24</subfield>
    <subfield code="o">086.802 / L91 / t.2</subfield>
    <subfield code="p">SH0000000843</subfield>
    <subfield code="r">2019-10-24</subfield>
    <subfield code="y">LIBROS</subfield>
  </datafield>
  <datafield tag="952" ind1=" " ind2=" ">
    <subfield code="0">0</subfield>
    <subfield code="2">ddc</subfield>
    <subfield code="4">0</subfield>
    <subfield code="7">0</subfield>
    <subfield code="a">SH</subfield>
    <subfield code="b">SH</subfield>
    <subfield code="c">CART</subfield>
    <subfield code="d">2019-10-24</subfield>
    <subfield code="o">086.802 / L91 / t.3</subfield>
    <subfield code="p">SH0000000832</subfield>
    <subfield code="r">2019-10-24</subfield>
    <subfield code="y">LIBROS</subfield>
  </datafield>
  <datafield tag="952" ind1=" " ind2=" ">
    <subfield code="0">0</subfield>
    <subfield code="2">ddc</subfield>
    <subfield code="4">0</subfield>
    <subfield code="7">0</subfield>
    <subfield code="a">SH</subfield>
    <subfield code="b">SH</subfield>
    <subfield code="c">CART</subfield>
    <subfield code="d">2019-10-24</subfield>
    <subfield code="o">086.802 / L91 / t.4</subfield>
    <subfield code="p">SH0000000835</subfield>
    <subfield code="r">2019-10-24</subfield>
    <subfield code="y">LIBROS</subfield>
  </datafield>
  <datafield tag="952" ind1=" " ind2=" ">
    <subfield code="0">0</subfield>
    <subfield code="2">ddc</subfield>
    <subfield code="4">0</subfield>
    <subfield code="7">0</subfield>
    <subfield code="a">SH</subfield>
    <subfield code="b">SH</subfield>
    <subfield code="c">CART</subfield>
    <subfield code="d">2019-10-24</subfield>
    <subfield code="o">086.802 / L91 / t.5</subfield>
    <subfield code="p">SH0000000838</subfield>
    <subfield code="r">2019-10-24</subfield>
    <subfield code="y">LIBROS</subfield>
  </datafield>
  <datafield tag="952" ind1=" " ind2=" ">
    <subfield code="0">0</subfield>
    <subfield code="2">ddc</subfield>
    <subfield code="4">0</subfield>
    <subfield code="7">0</subfield>
    <subfield code="a">SH</subfield>
    <subfield code="b">SH</subfield>
    <subfield code="c">CART</subfield>
    <subfield code="d">2019-10-24</subfield>
    <subfield code="o">086.802 / L91 / t.6</subfield>
    <subfield code="p">SH0000000833</subfield>
    <subfield code="r">2019-10-24</subfield>
    <subfield code="y">LIBROS</subfield>
  </datafield>
  <datafield tag="952" ind1=" " ind2=" ">
    <subfield code="0">0</subfield>
    <subfield code="2">ddc</subfield>
    <subfield code="4">0</subfield>
    <subfield code="7">0</subfield>
    <subfield code="a">SH</subfield>
    <subfield code="b">SH</subfield>
    <subfield code="c">CART</subfield>
    <subfield code="d">2019-10-24</subfield>
    <subfield code="o">086.802 / L91 / t.7</subfield>
    <subfield code="p">SH0000000831</subfield>
    <subfield code="r">2019-10-24</subfield>
    <subfield code="y">LIBROS</subfield>
  </datafield>
  <datafield tag="952" ind1=" " ind2=" ">
    <subfield code="0">0</subfield>
    <subfield code="2">ddc</subfield>
    <subfield code="4">0</subfield>
    <subfield code="7">0</subfield>
    <subfield code="a">SH</subfield>
    <subfield code="b">SH</subfield>
    <subfield code="c">CART</subfield>
    <subfield code="d">2019-10-24</subfield>
    <subfield code="o">086.802 / L91 / t.8</subfield>
    <subfield code="p">SH0000000834</subfield>
    <subfield code="r">2019-10-24</subfield>
    <subfield code="y">LIBROS</subfield>
  </datafield>
  <datafield tag="952" ind1=" " ind2=" ">
    <subfield code="0">0</subfield>
    <subfield code="2">ddc</subfield>
    <subfield code="4">0</subfield>
    <subfield code="7">0</subfield>
    <subfield code="a">SH</subfield>
    <subfield code="b">SH</subfield>
    <subfield code="c">CART</subfield>
    <subfield code="d">2019-10-24</subfield>
    <subfield code="o">086.802 / L91 / t.9</subfield>
    <subfield code="p">SH0000000842</subfield>
    <subfield code="r">2019-10-24</subfield>
    <subfield code="y">LIBROS</subfield>
  </datafield>
  <datafield tag="952" ind1=" " ind2=" ">
    <subfield code="0">0</subfield>
    <subfield code="2">ddc</subfield>
    <subfield code="4">0</subfield>
    <subfield code="7">0</subfield>
    <subfield code="a">SH</subfield>
    <subfield code="b">SH</subfield>
    <subfield code="c">CART</subfield>
    <subfield code="d">2019-10-24</subfield>
    <subfield code="o">086.802 / L91 / t.10</subfield>
    <subfield code="p">SH0000000841</subfield>
    <subfield code="r">2019-10-24</subfield>
    <subfield code="y">LIBROS</subfield>
  </datafield>
  <datafield tag="952" ind1=" " ind2=" ">
    <subfield code="0">0</subfield>
    <subfield code="2">ddc</subfield>
    <subfield code="4">0</subfield>
    <subfield code="7">0</subfield>
    <subfield code="a">SH</subfield>
    <subfield code="b">SH</subfield>
    <subfield code="c">CART</subfield>
    <subfield code="d">2019-10-24</subfield>
    <subfield code="o">086.802 / L91 / t.11</subfield>
    <subfield code="p">SH0000000839</subfield>
    <subfield code="r">2019-10-24</subfield>
    <subfield code="y">LIBROS</subfield>
  </datafield>
</record>
